000 00209nam a22000977a 4500
999 _c4634
_d4634
008 250306b ||||| |||| 00| 0 eng d
020 _a9781563261626
082 _aFIC DIS
245 _aSCARED SILLY
942 _2ddc